000 00855nam a2200253 a 4500
001 BRL_360
005 20190320210714.0
008 050813s1963----au-a######---#000-0#eng-#
041 _aeng
044 _aau
050 4 _aF1219
_b.C63 1963
130 0 _aCodex Vindobonensis Mexicanus 1
_923654
245 1 0 _aCodex Vindobonensis Mexicanus 1
_bOsterreichische Nationalbibliothek Wien
_cOtto Adelhofer.
260 _aAustria
_bAkademische Druck
_c1963
300 _a37 p.
_bil. (algunas a color)
_c19 cm.
_e1 facsimile (65 laminas)
440 0 _aCodices selecti Phototypice impressi
_v5
_923655
500 _aAu341
650 1 4 _aManuscritos mexicanos
_xFacsímiles
_95310
650 1 4 _aIndígenas de México
_xLenguas
_xEscritura
_923656
651 4 _aMéxico
_xAntigüedades
_92765
700 1 _aAdelhofer, Otto
_eed.
_923657
902 _aGRL
942 _2lcc
_cB
999 _c9173
_d9173